Normal view
MARC view
- Akhter, Shehnaz
Entry Personal Name
001 - CONTROL NUMBER
- control field: 123721
003 - CONTROL NUMBER IDENTIFIER
- control field: NUST
005 - DATE AND TIME OF LATEST TRANSACTION
- control field: 20240614114335.0
008 - FIXED-LENGTH DATA ELEMENTS
- fixed length control field: 240614|| aca||aabn | a|a d
040 ## - CATALOGING SOURCE
- Original cataloging agency: NUST
- Transcribing agency: NUST
100 ## - HEADING--PERSONAL NAME
- Personal name: Akhter, Shehnaz
670 ## - SOURCE DATA FOUND
- Source citation: Work cat.: (NUST): Akhter, Shehnaz, Eccentricity based graph invariants of extremal graphs/
